|
|
|
|
| LEADER |
00000nab#a22000007a#4500 |
| 001 |
arbauad039547 |
| 003 |
AR-BaUAD |
| 005 |
20250711113100.0 |
| 008 |
990826|||||||||###||||||b###|0###a|spa|| |
| 040 |
|
|
|a AR-BaUAD
|c AR-BaUAD
|b spa
|
| 245 |
1 |
0 |
|a Idee da premio
|b Grandi Firme : fashion is magic!
|
| 300 |
0 |
|
|b fot. col.
|
| 500 |
|
|
|a Texto en italiano e inglés.
|
| 653 |
|
|
|a ITALIA
|
| 653 |
|
|
|a MILAN
|
| 653 |
|
|
|a ROMA
|
| 653 |
|
|
|a MARIO VALENTINO
|
| 653 |
|
|
|a FRANCIA
|
| 653 |
|
|
|a PARIS
|
| 653 |
|
|
|a CLAUDE MONTANA
|
| 653 |
|
|
|a JEAN CHARLES DE CASTELBAJAC
|
| 653 |
|
|
|a JOE CASELY HAYFORD
|
| 653 |
|
|
|a NICOLE
|
| 653 |
|
|
|a CALVIN KLEIN
|
| 653 |
|
|
|a VALENTINO
|
| 653 |
|
|
|a DONNA KARAN
|
| 653 |
|
|
|a GIORGIO ARMANI
|
| 653 |
|
|
|a ROMEO GIGLI
|
| 653 |
|
|
|a COMME DES GARÇONS
|
| 653 |
|
|
|a OZOBEK
|
| 653 |
|
|
|a GIANNI VERSACE
|
| 653 |
|
|
|a THIERRY MUGLER
|
| 653 |
|
|
|a YOHJI YAMAMOTO
|
| 653 |
|
|
|a JEAN PAUL GAULTIER
|
| 653 |
|
|
|a COLECCIONES
|
| 653 |
|
|
|a MODA
|
| 653 |
|
|
|a INDUMENTARIA FEMENINA
|
| 653 |
|
|
|a DISEÑO DE INDUMENTARIA
|
| 653 |
|
|
|a PRET A PORTER
|
| 653 |
|
|
|a PRIMAVERA VERANO 1990
|
| 653 |
|
|
|a COLORES
|
| 653 |
|
|
|a DISEÑADORES DE INDUMENTARIA
|
| 773 |
0 |
|
|t COLLEZIONI DONNA
|g no. 14 [nov.-dic. 1989], p. 334-351
|
| 942 |
|
|
|c ARTI
|
| 952 |
|
|
|0 0
|1 0
|4 0
|7 0
|9 84466
|a AR-BAuAD
|b AR-BAuAD
|d 2025-07-11
|l 0
|p AAQA039547
|r 2025-07-11 11:31:00
|w 2025-07-11
|y ARTI
|
| 990 |
|
|
|a DT199
|b TD
|
| 998 |
|
|
|a AAQ
|b BIBUN76
|
| 999 |
|
|
|c 64139
|d 64139
|